Oeuvres choisies de Ferdinand Fabre /

Gespeichert in:
Bibliographische Detailangaben
1. Verfasser: Fabre, Ferdinand (autor)
Format: Buch
Sprache:Französisch
Veröffentlicht: París, Francia : Delagrave, 1919, c1919
Ausgabe:5a edición
Schriftenreihe:(Collection Pallas)
Schlagworte:
Tags: Tag hinzufügen
Keine Tags, Fügen Sie das erste Tag hinzu!

MARC

LEADER 00000nam^a2200000^a^4500
001 000365558
005 20250526000000.0
009 20260310115647.757
037 |a Acervo ITESO - Biblioteca 
041 |a FRA 
082 |a 843.  |b FAB 
100 |a Fabre, Ferdinand  |e (autor) 
245 1 0 |a Oeuvres choisies de Ferdinand Fabre /  |c F. Fabre ; comp. y notas de Maurice Pellison. 
250 |a 5a edición 
264 4 |a París, Francia :  |b Delagrave,  |c 1919, c1919 
300 |a 482 p. ;  |c 16.5 cm. 
336 |a texto  |b txt  |2 rdacontenido 
337 |a sin mediación  |b n  |2 rdamedio 
338 |a volumen  |b nc  |2 rdasoporte 
440 1 |a (Collection Pallas) 
649 |a XX 
650 |a Novela Francesa 
650 |a Romanticismo (Literatura) -  |z Francia 
650 |a Literatura Francesa -  |y Siglo XIX 
650 |a Literatura Francesa -  |x Historia y Crítica 
910 |a Fondo General 
920 |a Impresos - Libros 
930 |a Libros Antiguos y Raros 
940 |a Literatura 
905 |a 108 
901 |a 0500259406  |b IT2  |c LRA  |i D75036  |u 20250526 
902 |a https://opac.biblio.iteso.mx/vufind/Record/000365558